Marketing v rozvoji cestovného ruchu na príklade Poľska
Marketingové zameranie podnikov cestovného ruchu. Spotrebitelia CR. Plánovanie cestovného ruchu. Poľský priemysel cestovného ruchu. Marketingový výskum v podnikoch cestovného ruchu.
Na minha lista:
| Autor principal: | |
|---|---|
| Formato: | Capítulo de Livro |
| Idioma: | eslovaco |
| Assuntos: | |
| Tags: |
Sem tags, seja o primeiro a adicionar uma tag!
|
MARC
| LEADER | 00000naa a2200000 4500 | ||
|---|---|---|---|
| 001 | r017154 | ||
| 005 | 20221205101503.0 | ||
| 041 | 0 | |a slo | |
| 044 | |a SK | ||
| 245 | 1 | 0 | |a Marketing v rozvoji cestovného ruchu na príklade Poľska |c J.S. Feczko |
| 520 | |a Marketingové zameranie podnikov cestovného ruchu. Spotrebitelia CR. Plánovanie cestovného ruchu. Poľský priemysel cestovného ruchu. Marketingový výskum v podnikoch cestovného ruchu. | ||
| 610 | 2 | 0 | |a ruch cestovný |
| 610 | 2 | 0 | |a Poľsko |
| 610 | 2 | 0 | |a marketing |
| 610 | 2 | 0 | |a podnik ruchu cestovného |
| 610 | 2 | 0 | |a Všeobecná dohoda o clách a obchode |
| 610 | 2 | 0 | |a stredná Európa |
| 610 | 2 | 0 | |a východná Európa |
| 610 | 2 | 0 | |a spotrebitelia |
| 610 | 2 | 0 | |a plánovanie |
| 100 | 1 | |a Feczko, J.S. | |